India's export trade with the U.K. and West Europe. (Record no. 55449)

MARC details
000 -LEADER
fixed length control field 00639cam a22002171 4500
001 - CONTROL NUMBER
control field sa 63004053
003 - CONTROL NUMBER IDENTIFIER
control field DLC
005 - DATE AND TIME OF LATEST TRANSACTION
control field 20260227111946.0
008 - FIXED-LENGTH DATA ELEMENTS--GENERAL INFORMATION
fixed length control field 861113s1961 ii a 000 0 eng
010 ## - LIBRARY OF CONGRESS CONTROL NUMBER
LC control number sa 63004053
025 ## - OVERSEAS ACQUISITION NUMBER
Overseas acquisition number PL480:I-E-2053
035 ## - SYSTEM CONTROL NUMBER
System control number (OCoLC)14705874
040 ## - CATALOGING SOURCE
Original cataloging agency DLC
Transcribing agency WaU
Modifying agency WaU
-- DLC
042 ## - AUTHENTICATION CODE
Authentication code premarc
050 00 - LIBRARY OF CONGRESS CALL NUMBER
Classification number HF3786
Item number .I48
110 2# - MAIN ENTRY--CORPORATE NAME
Corporate name or jurisdiction name as entry element Indian Chamber of Commerce (India).
Subordinate unit World Trade Department.
245 10 - TITLE STATEMENT
Title India's export trade with the U.K. and West Europe.
260 ## - PUBLICATION, DISTRIBUTION, ETC.
Place of publication, distribution, etc. Calcutta,
Name of publisher, distributor, etc. Oxford Book & Stationery Co.,
Date of publication, distribution, etc. 1961.
300 ## - PHYSICAL DESCRIPTION
Extent 64 p.
Other physical details tables.
Dimensions 22 cm.
651 #0 - SUBJECT ADDED ENTRY--GEOGRAPHIC NAME
Geographic name India
General subdivision Commerce.

No items available.

Powered by Koha